00730nam a2200241 a 4500001001300000003000900013005001700022008004100039020001200080082001600092100001900108245008000127260003900207300000800246500003500254505001000289650002300299700001900322902000800341942000700349952011700356999001500473nice12345678IN_TiNIC20260116012750.0050524s1977 phia grp 000 0 eng  ac220.500a232.96bHEN aHengel, Martin aCrucifixion, in the Ancient World and the Folly of the Message of the Cross aPhiladelphiabFortress Pressc1977 a99p aincludes index and biblioraphy2 aIndex aJesus Christ-Death1 aHengel, Martin bSRS cBK 001040708StackRoom-aHMIbHMId2010-08-16g220.50l0o232.96 HENp010452r2010-08-16v220.50w2005-05-24yBK c8290d8290